000 00283nam a2200121Ia 4500
008 220204s9999 xx 000 0 und d
082 _a547.97
_bISL
245 0 _aCarotenoids
260 _aStuttgart
_bBirkhauser
_c1971
650 _aCarotenoids
700 _aIsler, Otto
942 _cBK
999 _c30870
_d30870